|
LDR
| 01840nam a2200493 a 4500 |
|---|
| 001 | 31788 |
|---|
| 003 | CZ-PrJAB |
|---|
| 005 | 20190512065526.0 |
|---|
| 007 | ta |
|---|
| 008 | 080904s2008 xr ab f 000 0 cze |
|---|
| 015 | | . |
‡acnb001817383 |
|---|
| 020 | | . |
‡a978-80-87110-07-2
‡q(brož.) |
|---|
| 035 | | . |
‡a(CZ PrNK)nkc20081817383 |
|---|
| 035 | | . |
‡a(OCoLC)271610999 |
|---|
| 040 | | . |
‡aABA001
‡bcze
‡dOLA001 |
|---|
| 043 | | . |
‡ae-xr--- |
|---|
| 072 | | 7. |
‡a364
‡xSociální problémy vyžadující podporu a pomoc. Sociální zabezpečení
‡2Konspekt
‡918 |
|---|
| 080 | | . |
‡a(=214.58)
‡2MRF |
|---|
| 080 | | . |
‡a364.624.4
‡2MRF |
|---|
| 080 | | . |
‡a364-786
‡2MRF |
|---|
| 080 | | . |
‡a35
‡2MRF |
|---|
| 080 | | . |
‡a(437.3)
‡2MRF |
|---|
| 080 | | . |
‡a(047.31)
‡2MRF |
|---|
| 100 | 1 | . |
‡aGabal, Ivan,
‡d1951-
‡7jn19981001297
‡4aut |
|---|
| 245 | 1 | 0. |
‡aKlíč k posílení integrační politiky obcí :
‡bsociální vyloučení Romů a česká společnost /
‡cIvan Gabal, Karel Čada, Jan Snopek |
|---|
| 246 | 3 | 0. |
‡aSociální vyloučení Romů a česká společnost |
|---|
| 260 | | . |
‡a[Praha] :
‡bOtevřená společnost,
‡cc2008 |
|---|
| 300 | | . |
‡a56 s. :
‡bbarev. il., mapy ;
‡c30 cm |
|---|
| 500 | | . |
‡aNázev z obálky |
|---|
| 500 | | . |
‡a1000 výt. |
|---|
| 650 | 0 | 7. |
‡aRomové
‡7ph118051
‡zČesko
‡2czenas |
|---|
| 650 | 0 | 7. |
‡asociální vyloučení
‡7ph164936
‡zČesko
‡2czenas |
|---|
| 650 | 0 | 7. |
‡asociální integrace
‡7ph125789
‡zČesko
‡2czenas |
|---|
| 650 | 0 | 7. |
‡aveřejná správa
‡7ph127076
‡zČesko
‡2czenas |
|---|
| 650 | 0 | 9. |
‡aRomanies
‡zCzechia
‡2eczenas |
|---|
| 650 | 0 | 9. |
‡asocial exclusion
‡zCzechia
‡2eczenas |
|---|
| 650 | 0 | 9. |
‡asocial integration
‡zCzechia
‡2eczenas |
|---|
| 650 | 0 | 9. |
‡apublic administration
‡zCzechia
‡2eczenas |
|---|
| 655 | | 7. |
‡avýzkumné zprávy
‡7fd131869
‡2czenas |
|---|
| 655 | | 9. |
‡aresearch reports
‡2eczenas |
|---|
| 700 | 1 | . |
‡aČada, Karel,
‡d1979-
‡7jo2002105194
‡4aut |
|---|
| 700 | 1 | . |
‡aSnopek, Jan
‡7mzk2008469360
‡4aut |
|---|
| 910 | | . |
‡aABH006 |
|---|
| 901 | | . |
‡a31788
‡b
‡c31788
‡tbiblio |
|---|